000
00337nam a2200145Ia 4500
008
230718s9999 xx 000 0 und d
041
_a
Eng.
082
_a
34254
_b
ARI-L
100
_a
Arif, Raja Muhammad
245
0
_a
Local Government Laws
260
_a
Pakistan
_b
Law Publisher
_c
2003
300
_a
484
650
_a
Law
999
_c
28632
_d
28632